Statystyki dla Finał LE 2017/2018

Kliknij tutaj aby rozwiązać quiz!

Ogólne statystyki

  • Ten quiz został rozwiązany 42 razy
  • Średni wynik to 13 z 30

Statystyki odpowiedzi

pozycjapilkarz% Poprawnych
BramkarzJan Oblak
89%
ObrońcaDiego Godin
87%
PomocnikKoke
84%
PomocnikDimitri Payet
82%
NapastnikAntoine Griezmann
79%
trenerDiego Simeone
79%
ObrońcaJose Gimenez
76%
PomocnikSaul
74%
BramkarzSteve Mandanda
71%
NapastnikDiego Costa
66%
PomocnikGabi
61%
rezerwowyJuanfran
58%
PomocnikFlorian Thauvin
55%
ObrońcaAdil Rami
39%
PomocnikAngel Correa
39%
rezerwowyFernando Torres
37%
ObrońcaJordan Amavi
32%
NapastnikValere Germain
32%
ObrońcaSime Vrsaljko
26%
rezerwowyThomas Partey
26%
rezerwowyMaxime Lopez
24%
ObrońcaLucas Hernandez
16%
trenerRudi Garcia
16%
ObrońcaBouna Sarr
13%
PomocnikLucas Ocampos
13%
PomocnikMorgan Sanson
13%
rezerwowyKonstadinos Mitroglu
11%
ObrońcaLuiz Gustavo
11%
PomocnikAndre Frank Anguissa
8%
rezerwowyClinton N'Jie
5%

Rozkład punktacji

Percentyl według liczby udzielonych odpowiedzi

Procent ludzi z każdym wynikiem

Twoja historia wyników

Nie rozwiązałeś tego quizu